000 00755cam a2200205 4500
001 748
005 20181127161952.0
010 _a 99044906
020 _a0691049351 (cl. : alk. paper)
100 1 _aGilpin, Robert.
245 1 4 _aThe challenge of global capitalism :
_bthe world economy in the 21st century /
_cRobert Gilpin ; with the assistance of Jean Millis Gilpin.
260 _aPrinceton, NJ :
_bPrinceton University Press,
_cc2000.
300 _axii, 373 p. ;
_c24 cm.
504 _aIncludes bibliographical references (p. 365-370) and index.
650 0 _aInternational economic relations.
650 0 _aInternational relations.
650 0 _aInternational trade.
650 0 _aStructural adjustment (Economic policy)
700 1 _aGilpin, Jean M.
999 _c546
_d546